[Event "Yinzhou Cup Women World Teams"]
[Site "Ningbo CHN"]
[Date "2009.09.02"]
[EventDate "2009.09.02"]
[Round "1"]
[Result "1-0"]
[White "Shen Yang"]
[Black "Wang Yu"]
[WhiteElo "2453"]
[BlackElo "2380"]
[PlyCount "91"]

1. e4 e5 2. Nf3 Nf6 3. Nxe5 d6 4. Nf3 Nxe4 5. c4 Be7 6. d4 d5
7. Nc3 Nxc3 8. bxc3 O-O 9. cxd5 Qxd5 10. Be2 Bf5 11. O-O Nd7
12. Be3 c5 13. dxc5 Be4 14. Qxd5 Bxd5 15. Rfd1 Bxf3 16. Bxf3
Nxc5 17. Bxc5 Bxc5 18. Bxb7 Rad8 19. Kf1 g6 20. c4 Rfe8
21. Bd5 Kg7 22. Rab1 Re7 23. Rb5 Rc7 24. a4 f5 25. Re1 Rd6
26. Re8 Rb6 27. Ke2 Kf6 28. f4 Rxb5 29. cxb5 Bb6 30. Re6+ Kg7
31. h3 h6 32. Kd3 Ba5 33. Ra6 Be1 34. a5 Bf2 35. b6 axb6
36. axb6 Rc5 37. Bc4 Rc8 38. b7 Rb8 39. Bd5 Bc5 40. Kc4 Be7
41. Kb5 Rd8 42. Re6 Bf6 43. Kc6 Bc3 44. Re7+ Kf8 45. Rc7 Ba5
46. Rc8 1-0

[Event "Yinzhou Cup Women World Teams"]
[Site "Ningbo CHN"]
[Date "2009.09.03"]
[EventDate "2009.09.02"]
[Round "2"]
[Result "0-1"]
[White "Shen Yang"]
[Black "Inna Gaponenko"]
[WhiteElo "2453"]
[BlackElo "2438"]
[PlyCount "90"]

1. d4 Nf6 2. c4 e6 3. Nc3 Bb4 4. Qc2 O-O 5. a3 Bxc3+ 6. Qxc3
b6 7. Nf3 c5 8. g3 Bb7 9. Bg2 cxd4 10. Qxd4 Nc6 11. Qc3 Rc8
12. b3 d5 13. Bb2 dxc4 14. Rd1 Qe7 15. Qxc4 Na5 16. Qb5 Bd5
17. Rd3 Ne4 18. O-O Nc5 19. Qb4 Nc6 20. Qc3 f6 21. Rxd5 exd5
22. Nh4 Ne4 23. Qd3 Qe6 24. Rd1 Rfd8 25. Qe3 Ne5 26. h3 Nc5
27. f4 Nf7 28. Qf3 Ne4 29. g4 Rc2 30. Bd4 Nfd6 31. Qd3 Rdc8
32. f5 Qf7 33. Nf3 Rc1 34. a4 Qc7 35. Bb2 Qc5+ 36. Nd4 Rxd1+
37. Qxd1 b5 38. a5 b4 39. Kh2 Nc3 40. Qd3 Nde4 41. a6 Nf2
42. Qe3 Qd6+ 43. Kg1 Nfd1 44. Qd2 Nxb2 45. Qxb2 Qe5 0-1

[Event "Yinzhou Cup Women World Teams"]
[Site "Ningbo CHN"]
[Date "2009.09.08"]
[EventDate "2009.09.02"]
[Round "6"]
[Result "1-0"]
[White "Shen Yang"]
[Black "Anna Zatonskih"]
[WhiteElo "2453"]
[BlackElo "2462"]
[PlyCount "101"]

1. d4 d5 2. c4 e6 3. Nc3 Be7 4. Bg5 Nf6 5. Nf3 h6 6. Bh4 O-O
7. e3 Ne4 8. Bxe7 Qxe7 9. Rc1 Nxc3 10. Rxc3 c6 11. Bd3 dxc4
12. Bxc4 Nd7 13. Qc2 e5 14. O-O exd4 15. exd4 Nb6 16. Re3 Qd6
17. Bb3 Nd5 18. Re5 Be6 19. a3 Nc7 20. Rfe1 Rab8 21. h3 Rfd8
22. R1e4 Bxb3 23. Qxb3 Ne6 24. Rf5 Rf8 25. Rg4 Qe7 26. Qe3 Kh8
27. Ne5 Kh7 28. Rh5 f6 29. Ng6 Qf7 30. Nxf8+ Rxf8 31. Ra5 b6
32. Rxa7 Qxa7 33. Qxe6 Qc7 34. h4 Rd8 35. Qf5+ Kh8 36. Re4 c5
37. d5 b5 38. Re6 c4 39. d6 Qc6 40. Rxf6 Kg8 41. Qe6+ Kh7
42. Rxh6+ gxh6 43. Qf7+ Kh8 44. Qf6+ Kh7 45. Qxd8 Qd5 46. Qe7+
Kg6 47. d7 Qd1+ 48. Kh2 Qd4 49. d8=Q Qf4+ 50. Kh3 Qf5+ 51. Kg3
1-0

[Event "Yinzhou Cup Women World Teams"]
[Site "Ningbo CHN"]
[Date "2009.09.09"]
[EventDate "2009.09.02"]
[Round "7"]
[Result "0-1"]
[White "Nana Dzagnidze"]
[Black "Shen Yang"]
[WhiteElo "2535"]
[BlackElo "2453"]
[PlyCount "138"]

1. Nf3 d5 2. d4 Nf6 3. Bf4 c6 4. e3 Bf5 5. Bd3 e6 6. O-O Nbd7
7. Bxf5 exf5 8. c4 dxc4 9. Qc2 g6 10. Qxc4 Bg7 11. Qb4 Qb6
12. Qa3 Bf8 13. Qc3 Nd5 14. Qc2 Bg7 15. Bd6 N7f6 16. Nbd2 Qd8
17. Bc5 Bf8 18. e4 fxe4 19. Nxe4 Nxe4 20. Qxe4+ Be7 21. Rfe1
Kf8 22. Qe5 f6 23. Qg3 Kf7 24. Nd2 Re8 25. Nc4 Qd7 26. h4 Rad8
27. h5 b6 28. hxg6+ hxg6 29. Bxe7 Rxe7 30. Rad1 Kg7 31. Ne3
Rde8 32. Nc2 Re2 33. Ne3 Rxb2 34. Rd3 Nxe3 35. fxe3 Rb5 36. e4
Rg5 37. Qf2 Rg4 38. Rf1 Qe6 39. d5 cxd5 40. exd5 Qd6 41. Rc3
f5 42. Qb2 Qxd5 43. Rd3+ Qe5 44. Qxe5+ Rxe5 45. Rd7+ Kf6
46. Rxa7 Rb4 47. Rf2 Re1+ 48. Kh2 Kg5 49. Ra3 b5 50. Rg3+ Kf6
51. Rc3 Rh4+ 52. Kg3 Kg5 53. Rb2 b4 54. Rf3 Ra1 55. Kf2 Rg4
56. Rfb3 Rc1 57. Rxb4 Rxb4 58. Rxb4 Rc2+ 59. Kf3 Rxa2 60. g3
Ra3+ 61. Kf2 Rc3 62. Ra4 Rc6 63. Kf3 Re6 64. g4 Re4 65. Rxe4
fxe4+ 66. Kg3 e3 67. Kf3 e2 68. Kxe2 Kxg4 69. Kf2 Kh3 0-1

[Event "Yinzhou Cup Women World Teams"]
[Site "Ningbo CHN"]
[Date "2009.09.10"]
[EventDate "2009.09.02"]
[Round "8"]
[Result "1-0"]
[White "Joanna Dworakowska"]
[Black "Shen Yang"]
[WhiteElo "2345"]
[BlackElo "2453"]
[PlyCount "71"]

1. e4 e5 2. Nf3 Nc6 3. d4 exd4 4. Nxd4 Nf6 5. Nxc6 bxc6 6. e5
Qe7 7. Qe2 Nd5 8. c4 Ba6 9. b3 O-O-O 10. Bb2 Re8 11. Qd2 Nb6
12. Be2 f6 13. O-O fxe5 14. a4 Kb8 15. a5 Nc8 16. b4 Qf7
17. Na3 Nd6 18. Rfc1 c5 19. Nb5 Ne4 20. Qe1 cxb4 21. Bf3 Ng5
22. Bd5 Qf4 23. Bd4 c6 24. Be3 Qf6 25. Bxa7+ Kb7 26. Qe3 cxd5
27. cxd5 Bxb5 28. a6+ Bxa6 29. Rc6 Bc5 30. Qxc5 dxc6 31. Qb6+
Kc8 32. dxc6 Qd6 33. Qxa6+ Kd8 34. Qb7 Ne6 35. Bb6+ Nc7
36. Bxc7+ 1-0

[Event "Nanjing Women's FIDE Grand Prix"]
[Site "Nanjing CHN"]
[Date "2009.09.29"]
[EventDate "2009.09.28"]
[Round "2"]
[Result "1-0"]
[White "Yuhua Xu"]
[Black "Shen Yang"]
[WhiteElo "2485"]
[BlackElo "2453"]
[PlyCount "89"]

1. e4 e5 2. Nf3 Nc6 3. Bb5 a6 4. Ba4 Nf6 5. O-O Be7 6. Re1 b5
7. Bb3 d6 8. c3 O-O 9. h3 Re8 10. d4 Bb7 11. Nbd2 Bf8 12. a3
h6 13. d5 Ne7 14. Nh2 Nd7 15. Ndf1 Nc5 16. Bc2 f5 17. exf5
Nxd5 18. b4 Nd7 19. Bb3 c6 20. Ne3 N7f6 21. Nhg4 Kh8 22. Nxd5
Nxd5 23. Bxd5 cxd5 24. f6 Re6 25. f4 gxf6 26. f5 Re7 27. Bxh6
Bxh6 28. Nxh6 Qb6+ 29. Kh2 Rh7 30. Ng4 Rf8 31. Re3 Qc6 32. Rg3
Qc4 33. Ne3 Qf4 34. Qg4 Qxg4 35. Rxg4 Rc7 36. Rd1 Rxc3
37. Nxd5 Rc2 38. Ne7 Rd8 39. Rd3 Rc4 40. Rg6 Re8 41. Nd5 Rg8
42. Nxf6 Rxg6 43. fxg6 d5 44. Rg3 Rc7 45. Ne8 1-0

[Event "Nanjing Women's FIDE Grand Prix"]
[Site "Nanjing CHN"]
[Date "2009.09.30"]
[EventDate "2009.09.28"]
[Round "3"]
[Result "0-1"]
[White "Shen Yang"]
[Black "Zhao Xue"]
[WhiteElo "2453"]
[BlackElo "2542"]
[PlyCount "100"]

1. d4 Nf6 2. c4 e6 3. Nc3 Bb4 4. Qc2 c5 5. dxc5 Qc7 6. Nf3 a6
7. g3 Bxc5 8. Bf4 d6 9. Bg2 h6 10. Rc1 Nc6 11. O-O O-O 12. a3
Bd7 13. b4 Ba7 14. Qd3 e5 15. Bd2 Ne7 16. Rfd1 Rac8 17. Be1
Bb8 18. Nd2 Rfd8 19. Qb1 Ba7 20. Nb3 Qb8 21. c5 dxc5 22. Nxc5
Bc6 23. Bh3 Rxd1 24. Nxd1 Rd8 25. Nb2 b6 26. Nxa6 Qb7 27. b5
Bxb5 28. Rc7 Qxa6 29. Rxe7 Bb8 30. a4 Be8 31. Bf1 Bd6 32. e3
Qa8 33. Rxe8+ Nxe8 34. Bc4 Qb7 35. Qa2 Qe7 36. Qb3 Nf6 37. Nd1
Bc5 38. Nc3 Qd7 39. Kg2 h5 40. h4 g6 41. e4 Kg7 42. Be2 Qd4
43. Bf3 Qb4 44. Qc2 Bd4 45. Qd2 Rc8 46. Nb5 Qxa4 47. Nd6 Rc6
48. Bd1 Qa8 49. Nf5+ gxf5 50. Qg5+ Kh8 0-1

[Event "Nanjing Women's FIDE Grand Prix"]
[Site "Nanjing CHN"]
[Date "2009.10.01"]
[EventDate "2009.09.28"]
[Round "4"]
[Result "1/2-1/2"]
[White "Shen Yang"]
[Black "Lilit Mkrtchian"]
[WhiteElo "2453"]
[BlackElo "2468"]
[PlyCount "57"]

1. d4 e6 2. c4 Nf6 3. Nc3 Bb4 4. e3 O-O 5. Bd3 c5 6. Nge2 d5
7. a3 cxd4 8. axb4 dxc3 9. Nxc3 Nc6 10. b5 Nb4 11. O-O Nxd3
12. Qxd3 b6 13. cxd5 Nxd5 14. Nxd5 Qxd5 15. Qxd5 exd5 16. Rd1
Be6 17. Bd2 Rfc8 18. Bb4 Rc4 19. Bd6 Rc2 20. Ba3 f6 21. h3 Kf7
22. Rd4 Rac8 23. Kf1 R8c4 24. Rad1 Rxd4 25. Rxd4 Rc4 26. Ke1
Rxd4 27. exd4 Bd7 28. Bd6 Bxb5 29. Bb8 1/2-1/2

[Event "Nanjing Women's FIDE Grand Prix"]
[Site "Nanjing CHN"]
[Date "2009.10.02"]
[EventDate "2009.09.28"]
[Round "5"]
[Result "1/2-1/2"]
[White "Martha Lorena Fierro Baquero"]
[Black "Shen Yang"]
[WhiteElo "2386"]
[BlackElo "2453"]
[PlyCount "121"]

1. e4 e5 2. Nf3 Nc6 3. Bb5 a6 4. Ba4 Nf6 5. O-O Be7 6. d3 b5
7. Bb3 d6 8. c3 O-O 9. Re1 Na5 10. Bc2 c5 11. Nbd2 Re8 12. Nf1
Bf8 13. Bg5 h6 14. Bxf6 Qxf6 15. Ne3 Be6 16. a3 Rec8 17. Nd2
Qd8 18. b4 Nc6 19. Bb3 Be7 20. Ndf1 Bg5 21. Nd5 a5 22. bxc5
dxc5 23. g3 Rab8 24. h4 Be7 25. Nfe3 Bf8 26. Kg2 Kh8 27. Kg1
Rb7 28. a4 b4 29. Bc4 Ra7 30. Bb5 Ne7 31. Nxe7 Bxe7 32. Qc2
Rb8 33. Red1 g6 34. Bc4 Kg7 35. h5 Bg5 36. Bxe6 Bxe3 37. Bd5
Bg5 38. hxg6 fxg6 39. Kg2 Qb6 40. Rab1 Rf8 41. Qe2 Rd7 42. Rb2
Rd6 43. Qg4 Qd8 44. cxb4 cxb4 45. Rc2 h5 46. Qe2 Qb6 47. d4
exd4 48. Qc4 h4 49. Qc7+ Qxc7 50. Rxc7+ Kh6 51. f4 Bd8 52. Rb7
g5 53. Kf3 gxf4 54. gxf4 Bg5 55. f5 Rc8 56. Kg4 Rc3 57. Rg1
Rc8 58. Rd1 Rc3 59. Rg1 Rc8 60. Rd1 Rc3 61. Rg1 1/2-1/2

[Event "Nanjing Women's FIDE Grand Prix"]
[Site "Nanjing CHN"]
[Date "2009.10.04"]
[EventDate "2009.09.28"]
[Round "6"]
[Result "1/2-1/2"]
[White "Shen Yang"]
[Black "Batkhuyag Munguntuul"]
[WhiteElo "2453"]
[BlackElo "2418"]
[PlyCount "101"]

1. d4 Nf6 2. c4 c5 3. d5 e6 4. Nc3 exd5 5. cxd5 d6 6. e4 a6
7. a4 g6 8. h3 Bg7 9. Nf3 O-O 10. Bd3 Nbd7 11. O-O Rb8 12. Re1
Qe7 13. Bf4 Ne8 14. Qc2 b6 15. Nd2 Ne5 16. Bg3 g5 17. Be2 Nc7
18. Nf1 f5 19. exf5 Bxf5 20. Qd2 b5 21. axb5 axb5 22. Ne3 Bg6
23. Ra7 Qd8 24. b3 b4 25. Na4 Ra8 26. Rxa8 Qxa8 27. Nc4 Qxd5
28. Qxd5+ Nxd5 29. Nxe5 dxe5 30. Bc4 Bf7 31. Nxc5 Nf4
32. Bxf7+ Rxf7 33. Re4 Rc7 34. Na6 Rc3 35. Rxb4 Ne2+ 36. Kh2
Nxg3 37. fxg3 Bf8 38. Rg4 Be7 39. b4 h5 40. Re4 Bd6 41. Kg1
Kf7 42. Kf2 Rc6 43. Nc5 Bxc5+ 44. bxc5 Rxc5 45. Ra4 Kf6
46. Kf3 Rc3+ 47. Ke4 Rxg3 48. Ra6+ Kf7 49. Ra2 Ke6 50. Ra6+
Kf7 51. Ra2 1/2-1/2

[Event "Nanjing Women's FIDE Grand Prix"]
[Site "Nanjing CHN"]
[Date "2009.10.05"]
[EventDate "2009.09.28"]
[Round "7"]
[Result "0-1"]
[White "Nana Dzagnidze"]
[Black "Shen Yang"]
[WhiteElo "2535"]
[BlackElo "2453"]
[PlyCount "114"]

1. d4 d5 2. c4 c6 3. Nf3 Nf6 4. Nc3 dxc4 5. a4 e6 6. g3 c5
7. Bg2 Nc6 8. dxc5 Qxd1+ 9. Nxd1 Bxc5 10. Be3 Bb4+ 11. Bd2 Nd5
12. Bxb4 Ndxb4 13. O-O Na5 14. Ne3 Bd7 15. Nd2 Rc8 16. Rfc1
Ke7 17. Nexc4 Nxc4 18. Nxc4 b6 19. a5 b5 20. Na3 a6 21. Rc3
Bc6 22. Rb3 Nd5 23. Bxd5 Bxd5 24. Rb4 f5 25. f3 e5 26. Kf2 Rc5
27. Rd1 Ke6 28. Nb1 Rhc8 29. Nc3 Bb7 30. f4 Rc4 31. Rxc4 Rxc4
32. fxe5 b4 33. Na4 Bc6 34. Nb6 Rc2 35. Ke3 Kxe5 36. Rd4 Rxe2+
37. Kd3 Rd2+ 38. Kxd2 Kxd4 39. Nc8 Bb5 40. Nd6 Bd7 41. Nf7 h6
42. Nd8 Kc4 43. Kc2 b3+ 44. Kd2 Kd4 45. Ke2 Bb5+ 46. Kd2 g5
47. Nf7 Bd7 48. Nxh6 Be6 49. h3 Ke5 50. Kd3 Kf6 51. Kd4 Kg6
52. Nxf5 Kxf5 53. h4 gxh4 54. gxh4 Kg4 55. Kc5 Kxh4 56. Kb6
Bc4 57. Kc5 Be2 0-1

[Event "Nanjing Women's FIDE Grand Prix"]
[Site "Nanjing CHN"]
[Date "2009.10.06"]
[EventDate "2009.09.28"]
[Round "8"]
[Result "0-1"]
[White "Shen Yang"]
[Black "Ju Wenjun"]
[WhiteElo "2453"]
[BlackElo "2443"]
[PlyCount "139"]

1. d4 Nf6 2. c4 g6 3. Nc3 Bg7 4. e4 d6 5. Nf3 O-O 6. h3 e5
7. d5 Nh5 8. g3 f5 9. exf5 gxf5 10. Ng5 Nf6 11. Bg2 Na6
12. Be3 Qe7 13. O-O h6 14. Nf3 Qf7 15. Nh4 Bd7 16. Rc1 Nh5
17. Bf3 Be8 18. Kh2 f4 19. Bd2 Nc5 20. Qe2 a5 21. b3 Bf6
22. Ng2 Bg7 23. Rce1 Qg6 24. gxf4 Nxf4 25. Nxf4 exf4 26. Rg1
Qd3 27. Nb5 Qxe2 28. Rxe2 Bxb5 29. Bc3 Rf7 30. Bh5 Kf8
31. Bxg7+ Rxg7 32. cxb5 Rxg1 33. Kxg1 Kg7 34. Re7+ Kf6
35. Rxc7 Rg8+ 36. Kf1 Rg5 37. Rf7+ Ke5 38. Bf3 Rf5 39. Rh7 Rf6
40. Ke2 Kd4 41. Kd2 b6 42. Re7 Rg6 43. Re1 Rg7 44. h4 Rg8
45. Kc2 Rc8 46. Kd2 Rg8 47. Rd1 Ke5 48. Kc2 Nd7 49. Kd3 Nc5+
50. Kc2 Nd7 51. Re1+ Kf5 52. Kd2 Ne5 53. Be4+ Kf6 54. Rc1 Nd7
55. Ke2 Nc5 56. Kf3 h5 57. Rc4 Rg4 58. Bc2 Ke5 59. a3 Rxh4
60. b4 axb4 61. axb4 Kxd5 62. Rxf4 Rxf4+ 63. Kxf4 Ne6+ 64. Ke3
Ke5 65. Be4 d5 66. Bf3 Nf4 67. Bd1 h4 68. Kf3 d4 69. Kg4 h3
70. Kg3 0-1

[Event "Nanjing Women's FIDE Grand Prix"]
[Site "Nanjing CHN"]
[Date "2009.10.07"]
[EventDate "2009.09.28"]
[Round "9"]
[Result "0-1"]
[White "Betul Cemre Yildiz"]
[Black "Shen Yang"]
[WhiteElo "2224"]
[BlackElo "2453"]
[PlyCount "74"]

1. e4 e5 2. Nf3 Nc6 3. d4 exd4 4. Nxd4 Nf6 5. Nxc6 bxc6 6. e5
Qe7 7. Qe2 Nd5 8. c4 Nb6 9. Nd2 a5 10. Qe3 d5 11. Be2 Ba6
12. b3 Qe6 13. O-O Be7 14. Qg3 Qg6 15. Qxg6 hxg6 16. Bf3 O-O-O
17. Bb2 a4 18. Rfd1 dxc4 19. Nxc4 Nxc4 20. bxc4 Rxd1+ 21. Rxd1
a3 22. Bc1 Bxc4 23. Rd4 Bb5 24. Bd1 Kb7 25. Bb3 f6 26. e6 Re8
27. g3 g5 28. h4 gxh4 29. Rxh4 Bd6 30. Re4 Kb6 31. g4 c5
32. Bxa3 c4 33. Bxd6 cxb3 34. a4 cxd6 35. axb5 Kxb5 36. Re2
Kb4 37. Kf1 Ka3 0-1

[Event "Nanjing Women's FIDE Grand Prix"]
[Site "Nanjing CHN"]
[Date "2009.10.09"]
[EventDate "2009.09.28"]
[Round "11"]
[Result "1/2-1/2"]
[White "Baira Kovanova"]
[Black "Shen Yang"]
[WhiteElo "2408"]
[BlackElo "2453"]
[PlyCount "47"]

1. e4 e6 2. d4 d5 3. exd5 exd5 4. Bd3 Nc6 5. c3 Bd6 6. Qf3 Nf6
7. Bg5 Bg4 8. Qxg4 Nxg4 9. Bxd8 Rxd8 10. Nf3 O-O 11. O-O Rfe8
12. Nbd2 Re7 13. Rfe1 Rde8 14. g3 Nb8 15. Kf1 Nd7 16. h3 Ngf6
17. Rxe7 Rxe7 18. Re1 Kf8 19. Re2 g6 20. Ke1 Ke8 21. Kd1 Kd8
22. Ke1 Ke8 23. Kd1 Kd8 24. Ke1 1/2-1/2

[Event "Chinese Championship (Women)"]
[Site "Xinghua CHN"]
[Date "2010.05.24"]
[EventDate "2010.05.24"]
[Round "1"]
[Result "0-1"]
[White "Shen Yang"]
[Black "Zhao Xue"]
[WhiteElo "2452"]
[BlackElo "2493"]
[PlyCount "92"]

1. d4 Nf6 2. c4 e6 3. Nc3 Bb4 4. Qc2 c5 5. dxc5 O-O 6. a3 Bxc5
7. Nf3 b6 8. Bf4 Bb7 9. Rd1 Nc6 10. e3 Be7 11. Be2 Rc8 12. Nb5
d5 13. Qb1 a6 14. Nc3 Na5 15. cxd5 exd5 16. Be5 Nd7 17. Bg3
Nf6 18. Rd3 b5 19. O-O Qb6 20. Be5 Nc4 21. Bd4 Qe6 22. Nd2
Rfd8 23. Bf3 Ne4 24. Nxc4 dxc4 25. Rdd1 Nxc3 26. Bxc3 Bxf3
27. gxf3 Bf6 28. Rxd8+ Rxd8 29. Rd1 Rxd1+ 30. Qxd1 h5 31. a4
b4 32. Bxb4 Bxb2 33. Qd8+ Kh7 34. Qc7 Qg6+ 35. Kh1 c3 36. e4
Qg5 37. h4 Qxh4+ 38. Kg2 Qg5+ 39. Kh3 Qf6 40. Kg2 h4 41. Be7
Qg6+ 42. Kf1 h3 43. Bd6 c2 44. Qxc2 Qxd6 45. f4 Bd4 46. Qd3
Qh6 0-1

[Event "Chinese Championship (Women)"]
[Site "Xinghua CHN"]
[Date "2010.05.25"]
[EventDate "2010.05.24"]
[Round "2"]
[Result "1/2-1/2"]
[White "Tan Zhongyi"]
[Black "Shen Yang"]
[WhiteElo "2464"]
[BlackElo "2452"]
[PlyCount "61"]

1. d4 d5 2. c4 c6 3. Nf3 Nf6 4. Nc3 a6 5. c5 Bf5 6. Bf4 Nbd7
7. e3 Nh5 8. Bd3 Bxd3 9. Qxd3 Nxf4 10. exf4 g6 11. O-O Bg7
12. b4 O-O 13. a4 Qc7 14. g3 e6 15. h4 f6 16. h5 gxh5 17. Rad1
Rae8 18. Kg2 a5 19. b5 e5 20. bxc6 e4 21. cxd7 exd3 22. dxe8=Q
Rxe8 23. Nxd5 Qc6 24. Nb6 h4 25. Rxd3 hxg3 26. fxg3 f5 27. Rf2
Re4 28. Rfd2 Re8 29. Nc4 Qd5 30. Nb6 Qc6 31. Nc4 1/2-1/2

[Event "Chinese Championship (Women)"]
[Site "Xinghua CHN"]
[Date "2010.05.26"]
[EventDate "2010.05.24"]
[Round "3"]
[Result "0-1"]
[White "Shen Yang"]
[Black "Ju Wenjun"]
[WhiteElo "2452"]
[BlackElo "2500"]
[PlyCount "82"]

1. d4 Nf6 2. Nf3 g6 3. c4 Bg7 4. Nc3 O-O 5. e4 d6 6. Be2 e5
7. Be3 Ng4 8. Bg5 f6 9. Bh4 Nc6 10. d5 Ne7 11. Nd2 Nh6 12. f3
c5 13. Rb1 g5 14. Bf2 f5 15. b4 b6 16. a4 Ng6 17. g3 g4 18. a5
gxf3 19. Bxf3 fxe4 20. Ndxe4 Bh3 21. a6 cxb4 22. Rxb4 Qd7
23. Be3 Qf5 24. Be2 Bg2 25. Rg1 Qh3 26. Nxd6 Qxh2 27. Kd2 Qxg3
28. c5 bxc5 29. Rb7 Qh2 30. Kc1 e4 31. Ncxe4 Bxe4 32. Nxe4 Nf5
33. Bxc5 Qf4+ 34. Nd2 Rac8 35. Qc2 Nd4 36. Rf1 Nxc2 37. Rxf4
Rxf4 38. d6 Rxc5 39. d7 Bf6 40. Rb8+ Kg7 41. Rc8 Rd5 0-1

[Event "Chinese Championship (Women)"]
[Site "Xinghua CHN"]
[Date "2010.05.27"]
[EventDate "2010.05.24"]
[Round "4"]
[Result "1/2-1/2"]
[White "Zhang Jilin"]
[Black "Shen Yang"]
[WhiteElo "2280"]
[BlackElo "2452"]
[PlyCount "65"]

1. e4 e5 2. Bc4 Nf6 3. d3 Bc5 4. Nf3 Nc6 5. O-O O-O 6. Bb3 d6
7. h3 Ne7 8. c3 Bb6 9. Nbd2 c6 10. Re1 Ng6 11. Nf1 Nh5 12. Bg5
Qc7 13. Nxe5 Nxe5 14. d4 g6 15. dxe5 dxe5 16. Qf3 Be6 17. Bh6
Ng7 18. Qf6 Nh5 19. Qf3 Rfe8 20. Ng3 Nf4 21. Ne2 Nxe2+
22. Rxe2 Qe7 23. Rd1 Red8 24. Red2 f6 25. Qg4 Bxb3 26. axb3
Rxd2 27. Rxd2 Rd8 28. Rxd8+ Bxd8 29. Be3 a6 30. b4 Kf7 31. Qc8
Qc7 32. Qxc7+ Bxc7 33. Kf1 1/2-1/2

[Event "Chinese Championship (Women)"]
[Site "Xinghua CHN"]
[Date "2010.05.28"]
[EventDate "2010.05.24"]
[Round "5"]
[Result "1-0"]
[White "Shen Yang"]
[Black "Gu Xiaobing"]
[WhiteElo "2452"]
[BlackElo "2361"]
[PlyCount "85"]

1. d4 Nf6 2. Nf3 g6 3. c4 Bg7 4. Nc3 d6 5. e4 O-O 6. Be2 e5
7. O-O Na6 8. Re1 c6 9. Bf1 Bg4 10. d5 c5 11. h3 Bd7 12. Bg5
Kh8 13. a3 Rg8 14. Rb1 Qf8 15. b4 b6 16. Bd3 Nh5 17. Bc2 f5
18. Ba4 Bc8 19. Bc6 Rb8 20. Be3 Bh6 21. bxc5 Bxe3 22. cxd6 Bc5
23. d7 Bb7 24. Qd2 Qf6 25. exf5 gxf5 26. Nxe5 Bd6 27. Qd4 Bxe5
28. Qxe5 Rgf8 29. Nb5 Qxe5 30. Rxe5 Nc5 31. Nxa7 Rbd8 32. Re7
Ba6 33. Nb5 Bxb5 34. Rxb5 Nf6 35. Rxb6 Ncxd7 36. Bxd7 Nxd7
37. Rc6 Nf6 38. d6 Ra8 39. d7 Rad8 40. Rxf6 Rxf6 41. Re8+ Rf8
42. Rxf8+ Rxf8 43. c5 1-0

[Event "Chinese Championship (Women)"]
[Site "Xinghua CHN"]
[Date "2010.05.29"]
[EventDate "2010.05.24"]
[Round "6"]
[Result "1-0"]
[White "Shen Yang"]
[Black "Wang Jue"]
[WhiteElo "2452"]
[BlackElo "2180"]
[PlyCount "109"]

1. d4 Nf6 2. Nf3 g6 3. c4 Bg7 4. Nc3 d6 5. e4 O-O 6. Be2 e5
7. Be3 c6 8. d5 Ng4 9. Bg5 f6 10. Bh4 c5 11. Nd2 Nh6 12. f3
Nf7 13. Rb1 Bh6 14. Bd3 Nd7 15. a3 a6 16. Qe2 Qa5 17. O-O Bf4
18. b4 Qc7 19. Nb3 b6 20. Bf2 Nd8 21. Qc2 Rb8 22. Rfd1 Nb7
23. Na4 Rf7 24. Rb2 Qd8 25. Rdb1 f5 26. bxc5 fxe4 27. fxe4
bxc5 28. g3 Bg5 29. Bf1 Nf6 30. h3 h5 31. Bg2 h4 32. gxh4 Bh6
33. Nc1 Nh5 34. Nd3 Nf4 35. Nxf4 exf4 36. Nb6 Bg7 37. Ra2 f3
38. Bf1 Bd4 39. Nxc8 Rxc8 40. Kh1 Qf6 41. Qd2 Re8 42. Bd3 Re5
43. Rg1 Rh7 44. Rg4 Nd8 45. Qf4 Qxf4 46. Rxf4 Bxf2 47. Rxf2
Rb7 48. Rf6 Nf7 49. Rxg6+ Kh7 50. Rg1 Kh6 51. Rxf3 Kh5 52. Rf4
Ree7 53. e5 dxe5 54. Rf5+ Kxh4 55. Be2 1-0

[Event "Chinese Championship (Women)"]
[Site "Xinghua CHN"]
[Date "2010.05.31"]
[EventDate "2010.05.24"]
[Round "7"]
[Result "1/2-1/2"]
[White "Wang Yu"]
[Black "Shen Yang"]
[WhiteElo "2337"]
[BlackElo "2452"]
[PlyCount "71"]

1. e4 e6 2. Qe2 e5 3. Nf3 Nc6 4. c3 Nf6 5. d4 exd4 6. e5 d3
7. Qxd3 Qe7 8. Qe2 Nd5 9. Qe4 Nb6 10. Nbd2 f6 11. exf6 gxf6
12. a4 a5 13. Bb5 Kf7 14. Qxe7+ Bxe7 15. Nc4 Bc5 16. Be3 Re8
17. O-O Bxe3 18. fxe3 Nxc4 19. Bxc4+ Kg7 20. Nd4 Ne5 21. Nf5+
Kh8 22. Bb3 d6 23. Ng3 Rf8 24. e4 Ra6 25. Bc2 Rb6 26. b3 Be6
27. Rab1 Rc6 28. c4 Rc5 29. Nh5 Ng4 30. Nf4 Re5 31. Rbe1 Kg7
32. Nd3 Rg5 33. h4 Rh5 34. Nf4 Re5 35. Nd3 Rh5 36. Nf4 1/2-1/2

[Event "Chinese Championship (Women)"]
[Site "Xinghua CHN"]
[Date "2010.06.01"]
[EventDate "2010.05.24"]
[Round "8"]
[Result "0-1"]
[White "Shen Yang"]
[Black "Ding Yixin"]
[WhiteElo "2452"]
[BlackElo "2327"]
[PlyCount "94"]

1. d4 d5 2. Nf3 Nf6 3. c4 dxc4 4. e3 e6 5. Bxc4 c5 6. O-O a6
7. Bb3 b5 8. a4 b4 9. Nbd2 Bb7 10. e4 Be7 11. e5 Nfd7 12. Nc4
O-O 13. Bc2 cxd4 14. Qxd4 Bd5 15. Rd1 Qc7 16. b3 Nc6 17. Qf4
Rad8 18. Bb2 f6 19. Qh4 h6 20. Ne3 Ndxe5 21. Nxe5 fxe5 22. Qg3
Bg5 23. h4 Bf4 24. Qg6 Ne7 25. Qh7+ Kf7 26. Rac1 Qa7 27. Ng4
Rh8 28. Qd3 e4 29. Qe2 Bxc1 30. Ne5+ Ke8 31. Qh5+ g6 32. Nxg6
Nxg6 33. Bxh8 Qf7 34. Rxc1 Nxh8 35. Qxh6 Ng6 36. Re1 Nf4
37. Bxe4 Bxb3 38. g3 Nh3+ 39. Kg2 Qxf2+ 40. Kxh3 Qxe1 41. Qh8+
Ke7 42. Qg7+ Kd6 43. Qd4+ Bd5 44. Bxd5 exd5 45. Qb6+ Ke7
46. Qc7+ Rd7 47. Qc5+ Kf7 0-1

[Event "Chinese Championship (Women)"]
[Site "Xinghua CHN"]
[Date "2010.06.02"]
[EventDate "2010.05.24"]
[Round "9"]
[Result "1-0"]
[White "Zhang Xiaowen"]
[Black "Shen Yang"]
[WhiteElo "2426"]
[BlackElo "2452"]
[PlyCount "45"]

1. e4 e5 2. Nf3 Nc6 3. Bb5 Nf6 4. Qe2 a6 5. Ba4 b5 6. Bb3 Be7
7. c3 O-O 8. O-O d5 9. d3 Re8 10. Re1 Bb7 11. Nbd2 Bf8 12. a3
Na5 13. Ba2 c5 14. b4 Nc6 15. exd5 Nxd5 16. Ne4 cxb4 17. Nfg5
Re7 18. Nxh7 Rd7 19. Bxd5 Qh4 20. g3 Qxh7 21. Qg4 Rd6 22. Nxd6
Bxd6 23. Qd7 1-0

[Event "Chinese Championship (Women)"]
[Site "Xinghua CHN"]
[Date "2010.06.03"]
[EventDate "2010.05.24"]
[Round "10"]
[Result "1/2-1/2"]
[White "Shen Yang"]
[Black "Huang Qian"]
[WhiteElo "2452"]
[BlackElo "2437"]
[PlyCount "50"]

1. d4 Nf6 2. Nf3 g6 3. c4 Bg7 4. Nc3 O-O 5. e4 d6 6. Be2 e5
7. Be3 Ng4 8. Bg5 f6 9. Bh4 g5 10. Bg3 Nh6 11. c5 Nc6 12. cxd6
cxd6 13. dxe5 dxe5 14. Bc4+ Kh8 15. h3 g4 16. Qxd8 Rxd8
17. hxg4 Bxg4 18. Nd5 Bxf3 19. gxf3 Nd4 20. Rd1 Nxf3+ 21. Kf1
Ng5 22. Re1 Nf3 23. Rd1 Ng5 24. Re1 Nf3 25. Rd1 Ng5 1/2-1/2

[Event "Chinese Championship (Women)"]
[Site "Xinghua CHN"]
[Date "2010.06.04"]
[EventDate "2010.05.24"]
[Round "11"]
[Result "1/2-1/2"]
[White "Wang Doudou"]
[Black "Shen Yang"]
[WhiteElo "2216"]
[BlackElo "2452"]
[PlyCount "115"]

1. d4 Nf6 2. c4 e6 3. Nf3 d5 4. Nc3 dxc4 5. e3 a6 6. a4 b6
7. Bxc4 Bb7 8. O-O Bb4 9. Qe2 O-O 10. Rd1 Nbd7 11. Bd3 Qe7
12. e4 e5 13. d5 Rfe8 14. Nh4 g6 15. Bg5 Qf8 16. Qd2 Ng4
17. Be2 Ngf6 18. Qe3 Kh8 19. Rac1 Ng8 20. Qf3 Bd6 21. Bc4 Bc8
22. h3 h6 23. Be3 Qe7 24. g3 Ndf6 25. Kh2 Nh7 26. Bf1 Kg7
27. Qe2 Ngf6 28. Qd2 Ng5 29. Bg2 Rh8 30. Qd3 Rb8 31. f4 Nh5
32. fxg5 hxg5 33. Nf3 g4 34. Ng5 gxh3 35. Bf3 Bd7 36. Rf1 Rbf8
37. Rc2 f5 38. Bxh5 Rxh5 39. Ne6+ Bxe6 40. dxe6 Qxe6 41. exf5
gxf5 42. Rcf2 Qg6 43. Ne2 a5 44. Nc1 Kh7 45. Qc2 f4 46. Qxg6+
Kxg6 47. gxf4 exf4 48. Bxf4 Rxf4 49. Rxf4 Rf5 50. Ne2 Kg5
51. Rg1+ Kf6 52. Rgg4 b5 53. Kxh3 Bxf4 54. Nxf4 bxa4 55. Ng2
Rf3+ 56. Kh2 a3 57. bxa3 Rxa3 58. Rc4 1/2-1/2